<?xml version="1.0" encoding="UTF-8"?><?xml-stylesheet type="text/xsl" href="static/style.xsl"?><OAI-PMH xmlns="http://www.openarchives.org/OAI/2.0/" xmlns:xsi="http://www.w3.org/2001/XMLSchema-instance" xsi:schemaLocation="http://www.openarchives.org/OAI/2.0/ http://www.openarchives.org/OAI/2.0/OAI-PMH.xsd"><responseDate>2026-04-30T05:10:02Z</responseDate><request verb="GetRecord" identifier="oai:uvadoc.uva.es:10324/69089" metadataPrefix="marc">https://uvadoc.uva.es/oai/request</request><GetRecord><record><header><identifier>oai:uvadoc.uva.es:10324/69089</identifier><datestamp>2024-12-13T12:42:52Z</datestamp><setSpec>com_10324_1175</setSpec><setSpec>com_10324_931</setSpec><setSpec>com_10324_894</setSpec><setSpec>col_10324_1356</setSpec></header><metadata><record xmlns="http://www.loc.gov/MARC21/slim" xmlns:doc="http://www.lyncode.com/xoai" xmlns:xsi="http://www.w3.org/2001/XMLSchema-instance" xmlns:dcterms="http://purl.org/dc/terms/" xsi:schemaLocation="http://www.loc.gov/MARC21/slim http://www.loc.gov/standards/marcxml/schema/MARC21slim.xsd">
<leader>00925njm 22002777a 4500</leader>
<datafield tag="042" ind1=" " ind2=" ">
<subfield code="a">dc</subfield>
</datafield>
<datafield tag="720" ind1=" " ind2=" ">
<subfield code="a">Gil-Albarellos Pérez-Pedrero, Susana</subfield>
<subfield code="e">author</subfield>
</datafield>
<datafield tag="720" ind1=" " ind2=" ">
<subfield code="a">Rodríguez Pequeño, Mercedes</subfield>
<subfield code="e">author</subfield>
</datafield>
<datafield tag="260" ind1=" " ind2=" ">
<subfield code="c">2015</subfield>
</datafield>
<datafield tag="520" ind1=" " ind2=" ">
<subfield code="a">La ironía es una compleja forma de pensamiento que en sus múltiples manifestaciones viene marcada por su consideración de recurso retórico, estrategia verbal, concepto, cualidad literaria, y don o actitud de quien habla o escribe, además de por su indiscriminada atribución y pertenencia a la filosofía, la retórica, la receptiva literaria, y la teoría de la literatura. Desde la época clásica hasta la actualidad, el amplio alcance de la ironía en la conversación y en el arte es acogido en estas disciplinas, considerando el paso desde su manifestación en la vida del hombre a la ficción literaria, y estudiado con una finalidad estética.</subfield>
</datafield>
<datafield tag="024" ind2=" " ind1="8">
<subfield code="a">“El placer de la ironía” El humor y la ironía como armas de combate: literatura y medios de comunicación en España (1960-2014). Autor: Susana Gil-Albarellos Pérez-Pedrero y Mercedes Rodríguez Pequeño Renacimiento Lugar y fecha: 2015, págs., 11-26 ISBN: 978-84-16246-30-4</subfield>
</datafield>
<datafield tag="024" ind2=" " ind1="8">
<subfield code="a">978-84-16246-30-4</subfield>
</datafield>
<datafield tag="024" ind2=" " ind1="8">
<subfield code="a">https://uvadoc.uva.es/handle/10324/69089</subfield>
</datafield>
<datafield tag="024" ind2=" " ind1="8">
<subfield code="a">11</subfield>
</datafield>
<datafield tag="024" ind2=" " ind1="8">
<subfield code="a">26</subfield>
</datafield>
<datafield tag="024" ind2=" " ind1="8">
<subfield code="a">El humor y la ironía como armas de combate: literatura y medios de comunicación en España (1960-2014).</subfield>
</datafield>
<datafield tag="245" ind1="0" ind2="0">
<subfield code="a">El placer de la ironía</subfield>
</datafield>
</record></metadata></record></GetRecord></OAI-PMH>